000 01718nam0a2200337 4500
001 RU\NLR\BIBL_A\022595626
005 20260408232413.0
010 _a978-5-7659-1364-2
_9320
035 _a(NLR Aleph) 022595626
090 _a13538573
_c13538573
100 _a20250804d2023 u y0rusy50 ca
101 0 _arus
102 _aRU
105 _aach z 001zy
181 0 _ai3
_baxxe
182 0 _an
200 1 _aДеревня Якшур в зеркале времен и судеб
_fВ. Н. Широбокова, А. Г. Шкляев
_gПрезидентский фонд культурных инициатив
203 _aТекст
_bвизуальный
_cнепосредственный
210 _aИжевск
_cКнига Приуралья
_d2023
215 _a334, [1] с., [8] л. цв. ил., портр.
_cил., портр., факс.
_d21
300 _aНа 4-й с. обл. авт.: Широбокова В. Н. , отличник нар. просвещения РФ, заслуж. работник культуры УР, Шкляев А. Г., лауреат Госпремии УР, чл. Союза писателей РФ, заслуж. деятель науки УР
320 _aДр. кн. 1-го авт. на 4-й с. обл.
333 _a12+
607 _aЯкшур-Бодья, село (Удмуртия)
_xИстория
_3RU\NLR\AUTH\6601765161
_92693916
686 1 _aТ3(2Р-6У)0,02
700 1 _aШиробокова
_bВ. Н.
_f1936 -
_gВалентина Николаевна
701 1 _aШкляев
_bА. Г.
_f1944 -
_gАлександр Григорьевич
942 _cBOOK
980 _aNB